Language Quiz

Random Language or Latin Quiz

10 'Not' Words Quiz Stats

 Plays Quiz Updated Mar 27, 2018

Also try: 10 'Imp' Words
Challenge
Share
Tweet
Embed
Score 0/10 Timer 03:00
3 Plays Today
Question Answer Wrong Answers
Famous or well known,
usually for some bad quality or deed
Notorious
97.6%
Notary
1%
Notificial
0.8%
Notional
0.6%
A conception of,
or belief about something
Notion
96.4%
Notice
1.1%
Notwithstanding
1.2%
Notch
0.8%
To inform someone of something,
often in a formal or official manner
Notify
95.2%
Notarise
2.4%
Notionalize
0.5%
Notch
0.2%
Zilch, zero,
nil, nought, nix
Nothing
95%
Notable
0.3%
Notwithstanding
0.8%
Notional
0.6%
An indentation or incision
on an edge or surface
Notch
93.6%
Nottingham
0.4%
Nota
1.1%
Notation
3.6%
A person legally authorized to act as an official witness
when certain documents are signed
Notary
91.8%
Notoriety
3.9%
Notornis
0.9%
Notacian
2.5%
A formal declaration of one's intention to end an agreement,
usually concerning employment or tenancy
Notice
87.2%
Notation
5%
Notatice
3.5%
Notary
1.1%
Worthy of attention,
remarkable
Notable
81.6%
Notatable
15.5%
Notional
0.4%
Notchable
0.3%
Direction to observe carefully or take special notice:
____ bene (Latin)
Nota
78.8%
Notornis
6.9%
Nottorno
3.6%
Notata
8.5%
From the Greek for 'south' & 'bird',
European name of New Zealand bird ‘Takahe'
Notornis
36.4%
Notturne
31.6%
Noturningbak
21.5%
Notatall
7.7%

You're not logged in!

Compare scores with friends on all Sporcle quizzes.
OR
Log In

You Might Also Like...

Show Comments

Extras

Top Quizzes Today


Score Distribution

Your Account Isn't Verified!

In order to create a playlist on Sporcle, you need to verify the email address you used during registration. Go to your Sporcle Settings to finish the process.

Report this User

Report this user for behavior that violates our Community Guidelines.

Details: